| 000 | 00468nam a22001817a 4500 | ||
|---|---|---|---|
| 999 |
_c6219 _d6217 |
||
| 005 | 20210826120234.0 | ||
| 008 | 200517b xxu||||| |||| 00| 0 eng d | ||
| 020 | _a9788123908502 | ||
| 041 | _aeng | ||
| 082 | _a615 GHO | ||
| 100 |
_aGHOSH ,L. K _95406 |
||
| 245 |
_aHandbook of Pharmaceutical Technology _cL.K Ghosh |
||
| 250 | _a1'st | ||
| 260 |
_aNew Delhi _bCBS Publishers and distributors _c2018 |
||
| 300 | _a283, x | ||
| 650 |
_aPharmacy _96719 |
||
| 942 | _cBK | ||